Thought and Nature (Record no. 6243)

MARC details
000 -LEADER
fixed length control field 00662nam a2200253 a 4500
020 ## - INTERNATIONAL STANDARD BOOK NUMBER
ISBN 0268561
082 00 - DEWEY DECIMAL CLASSIFICATION NUMBER
Classification number 149.7
Author Cutter COL
100 ## - MAIN ENTRY--AUTHOR NAME
Author name Collins, Arthur W
245 ## - TITLE STATEMENT
Title Thought and Nature
Sub title Studies in Rationalist Philosophy
260 ## - PUBLICATION, DISTRIBUTION, ETC. (IMPRINT)
Place of publication Notre Dame in
Name of publisher University of Notre Dame Press
Year of publication 1985
300 ## - PHYSICAL DESCRIPTION
Number of Pages 248p
500 ## - GENERAL NOTE
General note includes index and biblioraphy
505 2# - FORMATTED CONTENTS NOTE
Formatted contents note Index
650 ## - SUBJECT ADDED ENTRY--TOPICAL TERM
Topical Term Rationalism
650 ## - SUBJECT ADDED ENTRY--TOPICAL TERM
Topical Term Empiricism
942 ## - ADDED ENTRY ELEMENTS (KOHA)
Koha item type Books
700 1# -
-- Collins, Arthur W
Holdings
Collection code Home library Current library Date acquired Cost, normal purchase price Full call number Accession Number Koha item type
  Henry Martyn Institute Library Henry Martyn Institute Library 08/01/2007 587.50 149.7 COL 014738 Books
                   Copyright © 2026 | Henry Martyn Institute | Hyderabad | TS-500052 | INDIA | Implemented by hmi.edu.in
Hit-Count:

Powered by Koha